00622nam a2200169 a 450000100100000000500170001000800410002704000250006810000300009324500400012326001040016330000230026770000310029004900090032195201050033099900170043500002791320200930031209.0110405s1986 dr 000 0 spa d aDO-SdBNPbspacBNPHU1 aRamón Reyes Lugo95497610aGuía del curso de contabilidad /. aLa Romana, República Dominicana :bInstituto Dominicano de Administración de Negocios,c[1986]. a[s. p. ] ;c22 cm.1 aReyes Lugo, Ramón954977 aBNPD 0010718PDaPDbPDcHDd2011-04-05iLF1l0o p27913-10r2020-06-25w2020-06-25yLFPDZNo se presta c27405d27405